Trenerzy Górnika Zabrze - nagła śmierć - Statystyki

Ogólne statystyki
  • Ten quiz został rozwiązany 24 razy
  • Średni wynik to 5 z 15
Answers on the Grid
Answers color-coded by a green-red scale on the quiz's grid according to % correct below.
Mariusz Rumak
Maciej Skorża
Piotr Stokowiec
Stanisław Oślizło
Robert Warzycha
Kazimierz Moskal
Przemyslaw Cecherz
Adam Nawalka
Dawid Kroczek
Waldemar Fornalik
Kamil Kuzera
Kamil Kiereś
Marek Motyka
Daniel Myśliwiec
Henryk Kasperczak
Kazimierz Kmiecik
Bartosch Gaul
Ryszard Wieczorek
Jan Urban
Mariusz Misiura
Antoni Piechniczek
Rafał Górak
Marcin Brosz
Michal Gasparik
Ryszard Komornicki
Czesław Michniewicz
Jerzy Brzęczek
Leszek Ojrzynski
Michał Probierz
Orest Lenczyk
 
Statystyki odpowiedzi
Odpowiedź % Poprawnych
Jan Urban
84%
Adam Nawalka
79%
Marcin Brosz
53%
Michal Gasparik
53%
Bartosch Gaul
47%
Leszek Ojrzynski
37%
Antoni Piechniczek
32%
Ryszard Wieczorek
26%
Henryk Kasperczak
21%
Stanisław Oślizło
21%
Waldemar Fornalik
21%
Robert Warzycha
16%
Marek Motyka
11%
Przemyslaw Cecherz
11%
Ryszard Komornicki
11%
Nie znaleziono quizów pasujących do podanych kryteriów
Rozkład punktacji
Procent ludzi z każdym wynikiem
Percentyl według liczby udzielonych odpowiedzi
Twoja historia wyników
Nie rozwiązałeś tego quizu